Principios de genética /

Guardado en:
Autor Principal: Tamarin, Robert H.
Formato: Libro
Publicado: Barcelona : Reverté, 1996
Materias:
Etiquetas: Agregar Etiqueta
Sin Etiquetas, Sea el primero en etiquetar este registro!
LEADER 00542nam a22002055a 4500
001 CEM.cems016593
005 20091221151941.0
008 130507s1996##################000#0#####d
003 CEMS
082 0 4 |a 575.1 
100 1 |a Tamarin, Robert H. 
245 1 0 |a Principios de genética /  |c Robert H Tamarin, 
260 |a Barcelona :  |b Reverté,  |c 1996 
300 |a 607 p. 
653 |a Probabilidad 
653 |a Genetica 
653 |a Mitosis 
653 |a Meiosis 
653 |a Estadistica 
859 |a CEMS  |b BIB. CEMS - Agricultura  |h 575.1  |i T15  |p A0293.00  |t Ej.1